000 01409nam a22002177a 4500
999 _c57218
_d57218
003 Ge_BSU
005 20240325111441.0
008 200120s2019 ||||| |||| 00| 0 geo d
020 _a24492507
041 _ageo
080 _a378(063)ს-92
245 _aსაქართველოს მეცნიერებათა ეროვნული აკადემიის აჭარის ავტონომიური რესპუბლიკის რეგიონული სამეცნიერო ცენტრის : შრომები: V : Transactions /
_cმთ.რედ. ვანო პაპუმიძე ; სარედ.კოლეგ : მამია ფაღავა ; მარინე აროშიძე ; [და სხვ]
264 _aბათუმი,
_c2019.
300 _a225 გვ.:
_c29 სმ.
653 _aშრომები
700 _aპაპუმიძე, ვანო
_eმთავარი რედაქტორი
_96256
700 _aფაღავა, მამია
_e სარედაქციო .კოლეგია
_96257
700 _aაროშიძე, მარინა
_eსარედაქციო .კოლეგია
_92150
856 _uhttp://science.org.ge/wp-content/uploads/2021/04/ajara-works-V_compressed-compressed.pdf
_yელ. ვერსია. pdf
942 _2udc
_cBK